Movies Quiz

Random Movies or Letter Quiz

Movies Cut Off At 'L' Quiz Stats

 Plays Quiz Updated Oct 2, 2018

Challenge
Share
Tweet
Embed
Score 0/30 Timer 06:00
0 Plays Today
Cut Off at L Movie Title % Correct
SCHINDLER'S LIST
95.3%
FINDING NEVERLAND
94.9%
BONNIE AND CLYDE
94.4%
THE HURTLOCKER
94%
CASABLANCA
90.9%
THE HUSTLER
89.4%
THERE WILL BE BLOOD
88.1%
THIS IS SPINAL TAP
85.9%
FIDDLER ON THE ROOF
84.9%
MAGNOLIA
81.9%
PAN'SLABYRINTH
79.5%
HOPE AND GLORY
77.5%
ROMAN HOLIDAY
76.7%
YANKEE DOODLE DANDY
76.3%
BREATHLESS
71.1%
Cut Off at L Movie Title % Correct
IN COLD BLOOD
63.4%
ARSENIC AND OLD LACE
62.1%
HIS GIRL FRIDAY
60.3%
GASLIGHT
60.2%
CITYLIGHTS
58%
THRONE OF BLOOD
51.5%
SHE WORE A YELLOW RIBBON
50.4%
A MAN FOR ALL SEASONS
50.2%
THE AWFUL TRUTH
49.7%
KEYLARGO
49.5%
GRAND ILLUSION
38.5%
REPULSION
36.1%
YOUNG MR.LINCOLN
28.2%
BARRYLYNDON
27.9%
THE 400 BLOWS
18.3%

You're not logged in!

Compare scores with friends on all Sporcle quizzes.
OR
Log In

You Might Also Like...

Show Comments

Extras

Top Quizzes Today


Score Distribution

Your Account Isn't Verified!

In order to create a playlist on Sporcle, you need to verify the email address you used during registration. Go to your Sporcle Settings to finish the process.

Report this User

Report this user for behavior that violates our Community Guidelines.

Details: